000 00636nam a2200229Ia 4500
003 OSt
005 20221007074230.0
006 a|||||r|||| 00| 0
007 ta
008 221006b |||||||| |||| 00| 0 eng d
024 _a28,286
037 _cTextual
040 _aFLL
_cFLL
_beng
041 _2eng
_aeng
082 _aZ73:3, G6;J7.7
100 _aWilliston Samuel
_9692778
245 0 _aTreatise on the law of contracts
260 _aMount
_bKisco Baker, Voorhis & Co., Inc. New York
_c1963
300 _aviii,1047p
_ccm.
942 _hZ73:3, G6;J7.7
_cTEXL
_2CC
999 _c1151629
_d1151629